| 000 | 00606nam a22001937a 4500 | ||
|---|---|---|---|
| 003 | BD-DhJNU | ||
| 005 | 20241222063141.0 | ||
| 008 | 241222b |||||||| |||| 00| 0 eng d | ||
| 020 | _a9840515160 | ||
| 040 |
_aBD-DhJNU _beng _cBD-DhJNU _dBD-DhJNU |
||
| 082 |
_223 _a362.109 |
||
| 100 | _aPerry, Henry B. | ||
| 245 |
_aQuest for a healthy Bangladesh : _ba vision for the twenty-first century / _cHenry B. Perry |
||
| 260 |
_aDhaka : _bTHe University Press Limited, _c1999. |
||
| 300 |
_avi, 50 p. : _c25 cm. |
||
| 504 | _aincludes bibliographical reference | ||
| 650 | _aHealth Service | ||
| 942 |
_2ddc _cBK _n0 |
||
| 999 |
_c1020 _d1020 |
||